Statistics for Europiske Flag Kort Quiz

Click here to take the quiz!

General Stats

  • This quiz has been taken 218 times
  • The average score is 25 of 45

Answers on the Map

Answers color-coded by a green-red scale on the quiz's map according to % correct below.
 

Answer Stats

Answer% Correct
Irland
84%
Spanien
80%
Danmark
78%
Norge
76%
Storbritannien
76%
Tyskland
76%
Portugal
74%
Grækenland
74%
Italien
74%
Finland
73%
Frankring
73%
Rusland
72%
Sverige
70%
Belgien
70%
Island
68%
Holland
67%
Poland
65%
Estland
63%
Hviderusland
63%
Luxembourg
62%
Ukraine
61%
Østrig
61%
Tjekkiet
58%
Schweiz
54%
Lithauen
53%
Kroatien
49%
Letland
47%
Malta
47%
Romanien
44%
Liechtenstein
42%
Vatikan Staten
40%
Slovakiet
38%
Bosnien-Herzegovina
37%
San Marino
37%
Bulgarien
36%
Albanien
35%
Monaco
35%
Nord Makedonien
35%
Ungarn
34%
Moldova
33%
Slovenien
32%
Andorra
32%
Kosovo
32%
Serbien
30%
Montenegro
26%

Score Distribution

Percentile by Number Answered

Percent of People with Each Score

Your Score History

You have not taken this quiz